Evropský terorismus

Globalizácia sveta a nebezpečenstvá, ktoré predstavujú vzájomné spory medzi prisťahovaleckými komunitami. Terorizmus v Európe. Trendy a útoky moderného terorizmu. Teroristické organizácie. Správy o terorizme.

Salvato in:
Dettagli Bibliografici
Autore principale: Hon, Zdeněk
Altri autori: Navrátil, Leoš
Natura: Capitolo di libro
Lingua:ceco
Soggetti:
Tags: Aggiungi Tag
Nessun Tag, puoi essere il primo ad aggiungerne!!

MARC

LEADER 00000naa a2200000 4500
001 0136197
005 20231204133129.2
041 0 |a cze 
044 |a SK 
245 1 0 |a Evropský terorismus  |c Zdeněk Hon, Leoš Navrátil 
520 |a Globalizácia sveta a nebezpečenstvá, ktoré predstavujú vzájomné spory medzi prisťahovaleckými komunitami. Terorizmus v Európe. Trendy a útoky moderného terorizmu. Teroristické organizácie. Správy o terorizme. 
610 2 0 |a Európa 
610 2 0 |a globalizácia 
610 2 0 |a terorizmus 
610 2 0 |a konflikty medzinárodné 
610 2 0 |a politika azylová 
610 2 0 |a migrácia 
610 2 0 |a cudzinci 
610 2 0 |a nestabilita politická 
610 2 0 |a politika azylová 
610 2 0 |a politika bezpečnostná 
610 2 0 |a vzťahy politické medzinárodné 
100 1 |a Hon, Zdeněk 
700 1 |a Navrátil, Leoš